EL papel del contexto educativo en la autodeterminación análisis de su influencia en el proceso de transición a la vida adulta de alumnos con discapacidad intelectual / Carmen Vega García ... [et al.]
Kaydedildi:
| Materyal Türü: | Süreli |
|---|---|
| Dil: | İspanyolca |
| Konular: | |
| Online Erişim: | Ver documento en línea |
| Etiketler: |
Etiket eklenmemiş, İlk siz ekleyin!
|
MARC
| LEADER | 00000cas^a2200000uu^4500 | ||
|---|---|---|---|
| 001 | 000532390 | ||
| 005 | 20260411000000.0 | ||
| 008 | 050901s1995^^^^^^^^^^^^r^^r^^000^0^spa^d | ||
| 009 | 20260411195026.851 | ||
| 022 | |a 10226508 | ||
| 035 | |a FCE 000076638 | ||
| 035 | |a FCE 019730 | ||
| 037 | |a Acervo ITESO - Biblioteca | ||
| 041 | |a spa | ||
| 095 | |a REVISTA IBEROAMERICANA DE EDUCACION |b 63/2013 (PDF) | ||
| 245 | 1 | 3 | |a EL papel del contexto educativo en la autodeterminación |b análisis de su influencia en el proceso de transición a la vida adulta de alumnos con discapacidad intelectual / Carmen Vega García ... [et al.] |
| 264 | |a Madrid : |b OEI, |c 2013. | ||
| 336 | |a texto |b txt |2 rdacontenido | ||
| 337 | |a sin mediación |b n |2 rdamedio | ||
| 338 | |a volumen |b nc |2 rdasoporte | ||
| 649 | |a XX | ||
| 650 | |a Discapacidades Mentales | ||
| 650 | |a Contexto educativo | ||
| 650 | |a Transición a la vida adulta | ||
| 740 | |g no. 63, sept.-dic. 2013, pp. 19-33 |t Revista Iberoamericana de Educación, | ||
| 856 | 4 | 0 | |u https://www.rieoei.org/rie63a01.pdf |y Ver documento en línea |
| 910 | |a Fondo Centro de Estudios Educativos | ||
| 920 | |a Impresos - Libros | ||
| 930 | |a Fondos Especiales | ||
| 905 | |a 133 | ||
| 902 | |a https://opac.biblio.iteso.mx/vufind/Record/000532390 | ||